Normal view MARC view

Entry Personal Name

Number of records used in: 1

001 - CONTROL NUMBER

  • control field: 79844

003 - CONTROL NUMBER IDENTIFIER

  • control field: dpl

005 - DATE AND TIME OF LATEST TRANSACTION

  • control field: 20250324115155.0

008 - FIXED-LENGTH DATA ELEMENTS

  • fixed length control field: 250324|| aca||aabn | a|a d

040 ## - CATALOGING SOURCE

  • Original cataloging agency: dpl
  • Transcribing agency: dpl

100 ## - HEADING--PERSONAL NAME

  • Personal name: Dr. Anil Gandhi

670 ## - SOURCE DATA FOUND

  • Source citation: Work cat.: (dpl)210444: Dr. Anil Gandhi, High-Tech Lifeline, 20 March 2014

© Delhi Public Library
Hit Counter
free hit counter